000 00415nab a2200145Ia 4500
003 ES-SlBCS
005 20210601135732.0
008 140529s1971 xxu||||| |||| 00| 0 spa d
041 _aspa
100 1 _aSchneider, Heinrich
_9189800
245 0 0 _aDemocracia: idea y realidad
_c Heinrich Schneider
650 0 4 _aDemocracia
_986793
773 0 _tConcilium
_gvol. 1, nº. 63, 1971, págs. 321-342
_wRev134
942 _cAR
999 _c633138
_d633138